| 000 | 00627nam a2200241 a 4500 | ||
|---|---|---|---|
| 005 | 20140310183158.0 | ||
| 008 | 021017s19uu xx 00 eng d | ||
| 050 |
_aRZ 24 _b.Ed27 1999 |
||
| 100 | _aEdge, Raymond S. | ||
| 245 |
_aEthics of health care : _ba guide for clinical practice / _cRaymond S. Edge. |
||
| 250 | _a2nd | ||
| 260 |
_aAlbany, NY : _b Delmar, _cc1999. |
||
| 300 |
_a222 p. : _bill. ; _c24 cm. |
||
| 521 | _aNUR | ||
| 650 | _aHealth ethics | ||
| 650 | _aMedical ethics | ||
| 942 |
_cBK _2lcc _kFOR |
||
| 999 |
_c19818 _d19818 |
||